Tryskový tkalcovský stav H 125 U.

Uložené v:
Podrobná bibliografia
Médium: Firemný prospekt
Jazyk:Czech
Vydané: [S.l.] : [s.n.], [1982].
Témy:
Fyzický popis: 1 zložený list (4 strany).
Tagy: Pridať tag
Žiadne tagy, Buďte prvý kto otaguje tento záznam!

MARC

LEADER 00000nam a2200000 a 4500
001 000750708
005 20260415072036.0
008 260116s1982 xr e |||0 0 cze d
FMT
040 |a SVKKK  |b slo  |c SVKKK  |e AACR2 
041 0 |a cze 
044 |a xr  |c CZ 
072 7 |a 677  |x Textilný priemysel  |2 konspekt 
080 |a 677.05  |2 2011 
080 |a 677.054  |2 2011 
080 |a (085.5)  |2 2011 
110 2 |a ELITEX, k. p.  |c Týniště nad Orlicí  |4 mfr 
245 1 0 |a Tryskový tkalcovský stav H 125 U. 
246 3 3 |a H 125 U 
260 |a [S.l.] :  |b [s.n.],  |c [1982]. 
300 |a 1 zložený list (4 strany). 
650 0 7 |a textilné stroje  |2 SVKKKPH 
650 0 7 |a tkacie stroje  |2 SVKKKPH 
650 0 7 |a textile machines  |2 SVKKKPHeng 
650 0 7 |a twiners  |2 SVKKKPHeng 
655 7 |a prospekty  |2 SVKKKPH 
655 7 |a prospects  |2 SVKKKPHeng 
910 |a svkkk 
998 |a FL 
OWN
Z30 1 |l SCK01  |l SCK01  |m PAPER  |1 SCKHL  |2 SK18  |b Sklad Pribinova suterén  |3 677.054  |6 123125  |q 19820915  |5 2721286226  |8 20260415  |g EMPTYKNIHA  |f 42  |s Firemná-2týždne  |z 1.00  |t 00000000  |u 0000  |w 000750708  |x 000010  |r 000 
090 |g SCKHL  |k Sklad Pribinova suterén  |a 677.054  |j 123125  |i 2721286226  |s Firemná-2týždne  |r 000